=LDR 00000nam 2200000 4500 =001 INLIS000000000054347 =990 ##$$a 61900827 =990 ##$$a 61900826 =990 ##$$a 61900825 =990 ##$$a 61900824 =990 ##$$a 61900825 =990 ##$$a 61900824 =990 ##$$a 61900826 =990 ##$$a 61900827 =005 20200122103113 =990 ##$$a 61900877 =990 ##$$a 61900827 =990 ##$$a 61900826 =990 ##$$a 61900827 =990 ##$$a 61900877 =990 ##$$a 61900877 =990 ##$$a 61900827 =990 ##$$a 61900826 =035 ##$$a 0010-0120000125 =990 ##$$a 61900876 =990 ##$$a 61900825 =990 ##$$a 61900825 =990 ##$$a 61900826 =990 ##$$a 61900826 =990 ##$$a 61900876 =990 ##$$a 61900825 =990 ##$$a 61900825 =990 ##$$a 61900824 =990 ##$$a 61900824 =007 ta =990 ##$$a 61900824 =990 ##$$a 61900824 =990 ##$$a 61900875 =990 ##$$a 61900825 =990 ##$$a 61900824 =990 ##$$a 61900824 =008 200122###########################0#ind## =020 ##$$a 978-60252677-0-3 =082 ##$$a 248.82 =084 ##$$a 248.82 Tan b =100 #$$a Tan diassa =245 1#$$a Buah Terlarang /$c Tan diassa =260 ##$$a Yogyakarta :$b Lumela,$c 2018 =300 ##$$a xii, 194 hlm ; $c 21 Cm. =504 ##$$a bib: hlm 193-194 =990 ##$$a 05150515 =990 ##$$a 05150515 =990 ##$$a 05150515 =990 ##$$a 05150515 =990 ##$$a 61900874 =990 ##$$a 6202000515 =990 ##$$a 6202000516 =990 ##$$a 6202000517 =990 ##$$a 61900875 =990 ##$$a 6202000515 =990 ##$$a 6202000516 =990 ##$$a 61900874 =990 ##$$a 61900876 =990 ##$$a 6202000515 =990 ##$$a 61900875 =990 ##$$a 61900874 =990 ##$$a 61900877 =990 ##$$a 61900876 =990 ##$$a 61900875 =990 ##$$a 61900874